LIBRARY ONLINE CATALOGUE

Organic spectroscopy / (Record no. 2290)

MARC details
000 -LEADER
fixed length control field 00672cam a22002292 4500
001 - CONTROL NUMBER
control field 0000003901
005 - DATE AND TIME OF LATEST TRANSACTION
control field 20151217145743.0
008 - FIXED-LENGTH DATA ELEMENTS--GENERAL INFORMATION
fixed length control field 070516s xx 000 0 eng d
020 ## - INTERNATIONAL STANDARD BOOK NUMBER
International Standard Book Number 033351954X :
040 ## - CATALOGING SOURCE
Original cataloging agency KABU
Transcribing agency KABU
050 #0 - LIBRARY OF CONGRESS CALL NUMBER
Classification number QD95
Item number .K46 1991
100 1# - MAIN ENTRY--PERSONAL NAME
Personal name Kemp, William.
-- 0000154137
245 10 - TITLE STATEMENT
Title Organic spectroscopy /
Statement of responsibility, etc. William Kemp.
250 ## - EDITION STATEMENT
Edition statement 3rd ed.
260 ## - PUBLICATION, DISTRIBUTION, ETC. (IMPRINT)
Place of publication, distribution, etc. London :
Name of publisher, distributor, etc. Palgrave,
Date of publication, distribution, etc. 1991.
300 ## - PHYSICAL DESCRIPTION
Extent xxii, 393 p.
650 #0 - SUBJECT ADDED ENTRY--TOPICAL TERM
Topical term or geographic name as entry element Spectrum analysis.
-- 0000153917
852 1# - LOCATION
-- p3388.87 KES
852 1# - LOCATION
-- p3388.87 KES
908 ## - PUT COMMAND PARAMETER (RLIN)
Put command parameter 070516
950 ## - LOCAL HOLDINGS (RLIN)
-- 1
Holdings
Withdrawn status Lost status Source of classification or shelving scheme Not for loan Home library Current library Date acquired Total Checkouts Full call number Barcode Date last seen Date last checked out Price effective from Koha item type Total Renewals
    Library of Congress Classification   Kabarak, Main Campus Kabarak, Main Campus 17/12/2015 5 QD95 .K46 1991 c. 1 006277 30/03/2026 15/01/2026 17/12/2015 General Collection  
    Library of Congress Classification   Kabarak, Main Campus Kabarak, Main Campus 17/12/2015 13 QD95 .K46 1991 c. 2 16496 14/04/2026 06/03/2026 17/12/2015 General Collection 1